LEADER 01932nam0-2200361---450 001 9910309654603321 005 20221020134856.0 012 $aN.EN d,i- g.-e: reGe (3) 1814 (A)$2fei$5IT-NA0338: D V 47 012 $aiee. ?)ue 9.n. eyDi (3) 1814 (A)$2fei$5IT-NA0338: D V 48 100 $a20190226d1814----km-y0itay50------ba 101 0 $ager 102 $aAT 140 $aa-----------------bb0------- 200 1 $aÖsterreichs Flora. Ein Handbuch auf botanischen Excursionen, enthaltend eine kurze Beschreibung der in den Erbstaaten des österreichischen Kaiserthumes wildwachsenden Pflanzen. Von J. A. Schultes. Erster [-Zweyter] Theil 205 $aZweyte ganz umgearbeitete., vermehrte und verbesserte Auflage 210 $aWien$cbey C. Schaumburg und Compagnie$d1814 215 $a2 v.$d12° 307 $aSegn.: a? A-2E¹² 2F? 2G-2H? (v. 1) 307 $aSegn.: ??(-?4) A-Z¹² 2A? 2B? ²2C²(-²2C2) 2C-2E¹² 2F?. - Ultima carta bianca (v. 2) 307 $a1.: XIV, [2], 700 p. ; 2.: [6], 577, [81] p. 620 $aAustria.$dVienna 700 1$aSchultes,$bJoseph August$f<1773-1831>$0762532 719 00$aSchaumburg,$gCarl$h& C.$4650 801 0$aIT$bUNINA$gREICAT$2UNIMARC 856 4 $zVisualizza la versione elettronica in Österreichische Nationalbibliothek$uhttp://digital.onb.ac.at/OnbViewer/viewer.faces?doc=ABO_%2BZ221074904$e20190226 856 4 $zVisualizza la versione elettronica in Österreichische Nationalbibliothek$uhttp://digital.onb.ac.at/OnbViewer/viewer.faces?doc=ABO_%2BZ221075003$e20190226 901 $aAQ 912 $a9910309654603321 952 $aD V 47$b6877$fDBV 952 $aD V 48$b6877$fDBV 959 $aDBV 996 $aÖsterreichs Flora. Ein Handbuch auf botanischen Excursionen, enthaltend eine kurze Beschreibung der in den Erbstaaten des österreichischen Kaiserthumes wildwachsenden Pflanzen. Von J. A. Schultes. Erster Theil$91545971 997 $aUNINA